00865nab a2200241 uc450000100070000000500170000700800410002403500110006503500210007604000130009704100080011010000370011824501180015565000310027365000240030465000360032865000480036470000380041270000370045077301070048794200100059499900190060488874020240509091053.0040906e20040305 spa  a888740 a(OCoLC)820293176 ccomduadb aspa10aBabcock, Linda4auteaut937132414aLas chicas buenas no piden : las mujeres negocian menos que los hombres... y todo el mundo paga las consecuencias 7aNegociación2lemb929214 aDirección9132837 aConflicto organizacional978449 7aComportamiento organizacional2lemb917510310aLaschever, Sara4auteaut953858110aSmall, Deborah4auteaut93944400 tHarvard Deusto Business Review (Barcelona)gNúmero 122, Marzo 2004, p. 6-8w373791z0210900X0112195 cARIMP c324267d324267